ბათუმის შოთა რუსთაველის სახელმწიფო უნივერსიტეტის ბიბლიოთეკა

სიცოცხლის არსება / (ბიბ.ჩანაწერი № 36856)

000 -ლიდერი
ფიქსირებული სიგრძის საკონტროლო ველი 01281nam a2200277Ia 4500
001 - საკონტროლო ნომერი
საკონტროლო ველი 2805
003 - საკონტროლო ნომრის იდენტიფიკატორი
საკონტროლო ველი GE_BSU
005 - ბოლო ოპერაციის თარიღი და დრო
საკონტროლო ველი 20190422201459.0
008 - ფიქსირებული სიგრძის მონაცემთა ელემენტები - ზოგადი ინფორმაცია
ფიქსირებული სიგრძის საკონტროლო ველი 181216s2000ge xx |||||||||||||| ||geo||
020 ## - წიგნის საერთაშორისო სტანდარტული ნომერი
International Standard Book Number 9992834102
040 ## - კატალოგიზაციის წყარო
Transcribing agency GE_BSU
041 ## - ენის კოდი
Language code of text/sound track or separate title geo
080 ## - უნივერსალური ათობითი კლასიფიკაციის ინდექსი
Universal Decimal Classification number 128/129 : 124 : 573-01 ა-30
100 ## - მთავარი ჩანაწერი - პიროვნების სახელი
Personal name ავალიანი, სერგი
9 (RLIN) 356
245 ## - ცნობა სათაურის შესახებ
Title სიცოცხლის არსება /
Statement of responsibility, etc სერგი ავალიანი ; რედ.გიორგი ვეკუა ; საქ.ფილოსოფიურ მეცნ. აკად.
264 ## - წარმოების, გამოცემის, დისტრიბუციის და სხვა ცნობები
გამოცემის, წარმოების, დისტრიბუციის... ადგილი თბილისი :
გამოცემის, წარმოების, დისტრიბუციის... სახელწოდება მერანი-3,
გამოცემის, წარმოების, დისტრიბუციის... თარიღი 2000.
300 ## - ფიზიკური აღწერა
Extent 196გვ. :
Dimensions 20სმ.
504 ## - BIBLIOGRAPHY, ETC. NOTE
Bibliography, etc ბიბლიოგრ :გვ.192-194
520 ## - SUMMARY, ETC.
Summary, etc რეზ. რუს. და ინგლ. ენაზე
653 ## - INDEX TERM--UNCONTROLLED
Uncontrolled term ისტორიულ-ფილოსოფიური გამოკვლევა
653 ## - INDEX TERM--UNCONTROLLED
Uncontrolled term სიცოცხლის ფილოსოფიური
700 ## - ADDED ENTRY--PERSONAL NAME
Relator term რედაქტორი
9 (RLIN) 357
Personal name ვეკუა, გიორგი
710 ## - ADDED ENTRY--CORPORATE NAME
Corporate name or jurisdiction name as entry element საართველოსფილოსოფიურ მეცნიერებათა აკადემია
9 (RLIN) 358
942 ## - ADDED ENTRY ELEMENTS (KOHA)
Koha item type წიგნი
Source of classification or shelving scheme
ეგზემპლარები
ჩამოწერის სტატუსი დაკარგული ეგზემპლარის სტატუსი კლასიფიკაციის წყარო ან თაროზე გაწყობის სქემა დაზიანების სტატუსი არ გაიცემა მუდმივი მდებარეობა (დაცვის ადგილი) ამჟამინდელი ადგილსამყოფელი თაროზე განთავსების ადგილი შეძენის თარიღი ღირებულება, შესყიდვის ნორმალური ფასი სრული შენახვის შიფრი შტრიხკოდი ბოლო ოპერაციის თარიღი ეგზემპლარის მიმდევრობითი ნომერი (კეტერი?) ფასის ძალაში შესვლის თარიღი ეგზემპლარის სახეობა საჯარო შენიშვნა
          ბათუმის შოთა რუსთაველის სახელმწიფო უნივერსიტეტის მთავარი ბიბლიოთეკა ბათუმის შოთა რუსთაველის სახელმწიფო უნივერსიტეტის მთავარი ბიბლიოთეკა წიგნსაცავი 2018-12-17 3.00 128/129 : 124 : 573-01 ა-30 7551 2018-12-17 7551 2018-12-17 წიგნი 3ლ.
          ბათუმის შოთა რუსთაველის სახელმწიფო უნივერსიტეტის მთავარი ბიბლიოთეკა ბათუმის შოთა რუსთაველის სახელმწიფო უნივერსიტეტის მთავარი ბიბლიოთეკა წიგნსაცავი 2022-10-05 3.00 128/129 : 124 : 573-01 ა-30 28588 2022-10-05 28588 2022-10-05 წიგნი 3 ლ.